Advanced strength of materials (Record no. 6074)

000 -LEADER
fixed length control field 00525nam a2200193 4500
001 - CONTROL NUMBER
control field 6074
003 - CONTROL NUMBER IDENTIFIER
control field BD-DhHUET
008 - FIXED-LENGTH DATA ELEMENTS--GENERAL INFORMATION
fixed length control field 790809s1952 nyua 001 0 eng
020 ## - INTERNATIONAL STANDARD BOOK NUMBER
International Standard Book Number 070164002
040 ## - CATALOGING SOURCE
Original cataloging agency DLC
Transcribing agency DLC
Modifying agency BD-DhHUET
082 ## - DEWEY DECIMAL CLASSIFICATION NUMBER
Classification number 620.11
Item number DEN/1952
100 1# - MAIN ENTRY--PERSONAL NAME
Personal name Den Hartog, J. P.
245 10 - TITLE STATEMENT
Title Advanced strength of materials
Statement of responsibility, etc. by Den Hartog, J. P.
250 ## - EDITION STATEMENT
Edition statement 1st ed.
260 ## - PUBLICATION, DISTRIBUTION, ETC. (IMPRINT)
Place of publication, distribution, etc. New York
Name of publisher, distributor, etc. McGraw-Hill
Date of publication, distribution, etc. 1952
300 ## - PHYSICAL DESCRIPTION
Extent ix,379 p.
Other physical details illus.
Dimensions 24 cm.
650 #0 - SUBJECT ADDED ENTRY--TOPICAL TERM
Topical term or geographic name as entry element Strength of materials: engineering
942 ## - ADDED ENTRY ELEMENTS (KOHA)
Koha item type General Book
Holdings
Shelving location Sublocation or collection (holding branch) Koha item type Source of classification or shelving scheme Price effective from Piece designation (barcode) Koha full call number Damaged status Withdrawn status Lost status Location (home branch) Not for loan Copy number Koha date last seen Koha normalized classification for sorting Date acquired
Circulation sectionCentral Library, BUETGeneral Book 2014-11-3087925620.11/DEN/1952   Central Library, BUET 12014-11-30620_000000000000000_11DEN19522014-11-30
Circulation sectionCentral Library, BUETGeneral Book 2015-04-2329906620.11/DEN/1952   Central Library, BUET 22015-04-23620_110000000000000_DEN_19522015-04-23
Circulation sectionCentral Library, BUETGeneral Book 2015-04-2329901620.11/DEN/1952   Central Library, BUET 32015-04-23620_110000000000000_DEN_19522015-04-23
Circulation sectionCentral Library, BUETGeneral Book 2015-04-2334760620.11/DEN/1952   Central Library, BUET 42015-04-23620_110000000000000_DEN_19522015-04-23
Circulation sectionCentral Library, BUETGeneral Book 2015-04-2329903620.11/DEN/1952   Central Library, BUET 52015-04-23620_110000000000000_DEN_19522015-04-23
Circulation sectionCentral Library, BUETGeneral Book 2015-04-2334761620.11/DEN/1952   Central Library, BUET 62015-04-23620_110000000000000_DEN_19522015-04-23
Circulation sectionCentral Library, BUETGeneral Book 2015-04-2329908620.11/DEN/1952   Central Library, BUET 72015-04-23620_110000000000000_DEN_19522015-04-23
Circulation sectionCentral Library, BUETGeneral Book 2015-04-2329905620.11/DEN/1952   Central Library, BUET 82015-04-23620_110000000000000_DEN_19522015-04-23
Circulation sectionCentral Library, BUETGeneral Book 2015-04-2329904620.11/DEN/1952   Central Library, BUET 92015-04-23620_110000000000000_DEN_19522015-04-23
Circulation sectionCentral Library, BUETGeneral Book 2015-04-2534762620.11/DEN/1952   Central Library, BUET 102015-04-25620_110000000000000_DEN_19522015-04-25
Circulation sectionCentral Library, BUETGeneral Book 2015-04-2529907620.11/DEN/1952   Central Library, BUET 112015-04-25620_110000000000000_DEN_19522015-04-25